Ładuje się......

Denmark /

Opis bibliograficzny
Korporacja: Denmark, Foreign Affairs, Ministry Of- And Statistical Department
Język:Undetermined
Hasła przedmiotowe:
LEADER 00435nam a2200133Ia 4500
001 6641
008 170722s9999 xx 000 0 und d
110 |a Denmark, Foreign Affairs, Ministry Of- And Statistical Department 
245 |a Denmark / 
653 |a Denmark 
653 |a Generalia 
942 |c GEN 
999 |c 47700  |d 47700 
952 |0 0  |1 0  |4 0  |6 Z_572_000000000000000_J6_G  |7 0  |9 67126  |a LIB  |b LIB  |d 2013-03-25  |o z572 J6, G  |p 57975  |r 2017-08-12  |w 2017-08-12  |y GEN